000 01569cam a22004574i 4500
003 PE-LiUPU
005 20250731173359.0
008 150706s2010 ilu r 000 0 spa d
020 _a9781414324005
035 _a(Sirsi) i9781414324005
040 _aPE-LiUPU
_bspa
_cPE-LiUPU
_erda
049 _aPRUA
082 0 4 _a220.61
_bB32
_221
100 1 _aBeers, V. Gilbert,
_eautor.
245 1 3 _aUn viaje a través de la Biblia /
_cV. Gilbert Beers.
264 1 _aCarol Stream :
_bTyndale House Publishers,
_c2010.
300 _a416 páginas :
_bilustraciones ;
_c25 centímetros
336 _atext
_2rdacontent
337 _aunmediated
_2rdamedia
338 _avolume
_2rdacarrier
505 0 _aHistorias del Antiguo Testamento, Nuevo Testamento.
526 _aSEG42
526 _aSEG41
526 _aSEG40
526 _aSEG39
526 _aP94
526 _aP87
526 _aP86
526 _aP85
526 _aP77
526 _aP76
526 _aP35
541 _g001-0000499;
650 1 4 _aHistorias Bíblicas.
910 _agl
_bjck
_d20101228
942 _2ddc
_cBOOK
949 _a220.61 B32
_wDEWEY
_c1
_i62459
_lCCODEBUL1
_mBUL
_p7.00
_r0
_sY
_tBOOK
_u2015-7-6
_xTEOLOGIA
_PP35
_0COMPRA
_o.STAFF. Colección General
994 _aC0
_bPEPRU
596 _a1
999 _a220.61 B32
_wDEWEY
_c51516
_i62459
_d51516
_e2018-5-9
_f2021-11-9
_g6
_lCCODEBUL1
_mBUL
_n8
_p7.00
_q5
_r0
_sY
_tBOOK
_u2015-7-6
_xTEOLOGIA
_PP35
_0COMPRA
_o.STAFF. Colección Teología
980 _81
_gALBERTO SANCHEZ Responsable de Automatización